| 000 | 00919 a2200205 4500 | ||
|---|---|---|---|
| 001 | 134322 | ||
| 020 | _a85-02-02686-0 | ||
| 040 | _cLeonardo Da Vinci | ||
| 041 | _aPortuguês | ||
| 082 |
_a372.23 L967v _bL967v |
||
| 100 | _aLUCCI, Elian Alabi | ||
| 245 |
_aViver e aprender _bhistória e geografia |
||
| 250 | _a2.ed v.4 | ||
| 260 |
_bSaraiva _c1999 _aSão Paulo |
||
| 300 | _a159 | ||
| 362 | _a19990000 | ||
| 500 |
_aGeraldo Paranhos e Beatriz Dinelli (Ilustração) _aLivro do Professor |
||
| 697 |
_aEstudos Sociais _aHistória _aGeografia _aBrasil _aAmérica _aÍndio _aJesuítas _aNegros _aEscravo _aEngenho _aCana-de-açúcar _aMinas Gerais _aInconfidência Mineira _aRio de Janeiro _aCapital _aMonarquia _aCafé _aAbolição _aMigrantes _aImigrantes _aAmazônia _aDesenvolvimento _aTecnologia _aTrabalho _aIndústria _aMetrópole _aRegião _aNorte _aSul _aSudeste _aCentro-Oeste _aNordeste _aEnsino fundamental 1. Ciclo |
||
| 942 | _cBK | ||
| 999 |
_c134322 _d134322 |
||